000 01520cam a2200373 a 4500
001 13071737
003 NUST-PNEC
005 20170116180717.0
008 030128s2002 nyua bf 001 0 eng
010 _a 2003268392
015 _aGBA2-V7266
020 _a0071378367
035 _a(OCoLC)ocm50403396
040 _aUKM
_cUKM
042 _apcc
050 0 0 _aTA151
_b.M35 2003
082 0 4 _a620.2 GAN
_221
100 _9723
_aGanic, Ejup N.
245 0 0 _aMcGraw-Hill's engineering companion /
_cEjup N. Ganic, editor in chief ; Tyler G. Hicks, editor ; contributions by Myke Predko.
246 3 0 _aEngineering companion
260 _aNew York :
_bMcGraw-Hill,
_cc2003.
300 _a1 v. (various pagings) :
_bill. ;
_c23 cm.
500 _ahttp://www.amazon.com/McGraw-Hills-Engineering-Companion-Ejup-Ganic/dp/0071378367/ref=sr_1_1?s=books&ie=UTF8&qid=1413879646&sr=1-1&keywords=0071378367
504 _aIncludes bibliographical references and index.
650 0 _aEngineering
_vHandbooks, manuals, etc.
_xME
700 1 _aGanić, Ejup N.
700 1 _aHicks, Tyler Gregory,
_d1921-
700 1 _aPredko, Michael.
856 4 2 _3Contributor biographical information
_uhttp://www.loc.gov/catdir/bios/mh041/2003268392.html
856 4 1 _3Table of contents
_uhttp://www.loc.gov/catdir/toc/mh031/2003268392.html
906 _a7
_bcbc
_ccopycat
_d2
_encip
_f20
_gy-gencatlg
942 _2ddc
_cBK
999 _c61202
_d61202